[Event "2FoglarVeterans_SIM_B"]
[Site "?"]
[Date "2006.??.??"]
[Round "?"]
[White "Canibal, Jaromir"]
[Black "Nosek, Jaroslav"]
[Result "1/2-1/2"]
[WhiteElo "2221"]
[BlackElo "2280"]
[PlyCount "51"]
[EventDate "2006.??.??"]
[EventType "corr"]
[SourceDate "2006.06.05"]

1. e4 c5 2. c3 d5 3. exd5 Qxd5 4. d4 Nf6 5. Nf3 Bg4 6. Be2 e6 7. Na3 Nc6 8. Be3
cxd4 9. Nb5 Rc8 10. Nbxd4 Nxd4 11. Bxd4 a6 12. O-O Bc5 13. Qa4+ Qc6 14. Qb3
Bxd4 15. Nxd4 Qc7 16. Qa4+ Qd7 17. Qxd7+ Kxd7 18. Bd3 Rhe8 19. h3 Bh5 20. f4
Kc7 21. g4 Bg6 22. f5 exf5 23. Bxf5 Rcd8 24. Bxg6 fxg6 25. Rae1 Ne4 26. Nb3
1/2-1/2

[Event "2FoglarVeterans_SIM_B"]
[Site "?"]
[Date "2006.??.??"]
[Round "?"]
[White "Schwarz, Jan"]
[Black "Leemans, Robert"]
[Result "1/2-1/2"]
[WhiteElo "2295"]
[BlackElo "2330"]
[PlyCount "87"]
[EventDate "2006.??.??"]
[EventType "corr"]
[SourceDate "2006.06.05"]

1. e4 c5 2. Nf3 d6 3. d4 cxd4 4. Nxd4 Nf6 5. Nc3 a6 6. Be3 Ng4 7. Bg5 h6 8. Bc1
Nf6 9. Bc4 e5 10. Nde2 Be7 11. O-O O-O 12. Qd3 Nbd7 13. Qg3 Kh8 14. Be3 b5 15.
Bd5 Rb8 16. a3 Nb6 17. Bxb6 Qxb6 18. Qd3 a5 19. b4 Bd7 20. Rab1 Kg8 21. Rb3
Rfc8 22. Kh1 a4 23. Rbb1 Rc7 24. Rbc1 Bg4 25. f3 Bd7 26. Ba2 Rbc8 27. f4 h5 28.
Nd5 Nxd5 29. Bxd5 Bf6 30. Rcd1 Qa6 31. c3 Bg4 32. fxe5 dxe5 33. h3 Be6 34. Rxf6
gxf6 35. Qf3 Bxd5 36. Rxd5 Qb6 37. Qxh5 Qe3 38. Qg4+ Kf8 39. Rxb5 Rd8 40. Kh2
Rc4 41. Qf5 Kg7 42. Qg4+ Kf8 43. Qh4 Kg7 44. Qg4+ 1/2-1/2

[Event "2FoglarVeterans_SIM_B"]
[Site "?"]
[Date "2006.??.??"]
[Round "?"]
[White "Stepanov, Konstantin V."]
[Black "Schwarz, Jan"]
[Result "1/2-1/2"]
[WhiteElo "2382"]
[BlackElo "2295"]
[PlyCount "91"]
[EventDate "2006.??.??"]
[EventType "corr"]
[SourceDate "2006.06.05"]

1. d4 Nf6 2. c4 e6 3. g3 d5 4. Bg2 dxc4 5. Nf3 Nc6 6. Qa4 Bb4+ 7. Bd2 Nd5 8.
Bxb4 Ndxb4 9. O-O Rb8 10. Na3 O-O 11. Qb5 b6 12. Qxc4 Ba6 13. Nb5 Qd5 14. Qxd5
Nxd5 15. a4 Na5 16. Ne5 Rbd8 17. Rfd1 f6 18. Bxd5 exd5 19. b4 fxe5 20. bxa5 e4
21. Rdc1 Rd7 22. e3 Bxb5 23. axb5 Kf7 24. Kg2 Ke7 25. axb6 cxb6 26. Rc6 Rb7 27.
Rac1 Kd7 28. h4 Ra8 29. h5 a6 30. bxa6 Rxa6 31. h6 Ra8 32. hxg7 Rg8 33. Rf6
Rxg7 34. Rcc6 Rg6 35. Rxg6 hxg6 36. Rxg6 Rb8 37. Kf1 b5 38. Ke1 b4 39. Kd1 Rf8
40. Kc2 Rxf2+ 41. Kb3 Re2 42. Kxb4 Rxe3 43. Kc5 Rc3+ 44. Kxd5 e3 45. Rd6+ Kc7
46. Re6 1/2-1/2

[Event "2FoglarVeterans_SIM_B"]
[Site "?"]
[Date "2006.??.??"]
[Round "?"]
[White "Peczkowski, Marek"]
[Black "Schwarz, Jan"]
[Result "1/2-1/2"]
[WhiteElo "2322"]
[BlackElo "2295"]
[PlyCount "82"]
[EventDate "2006.??.??"]
[EventType "corr"]
[SourceDate "2006.06.05"]

1. e4 c5 2. Nf3 d6 3. d4 cxd4 4. Nxd4 Nf6 5. Nc3 a6 6. Bg5 e6 7. f4 Qc7 8. Qf3
b5 9. Bxf6 gxf6 10. e5 d5 11. exf6 b4 12. Nce2 Nd7 13. f5 e5 14. Ne6 fxe6 15.
fxe6 Nxf6 16. Qxf6 Bg7 17. Qf5 Rf8 18. Qh5+ Kd8 19. g3 Bxe6 20. Bh3 Bxh3 21.
Qxh3 Qc6 22. O-O-O Qh6+ 23. Qxh6 Bxh6+ 24. Kb1 d4 25. Nxd4 exd4 26. Rxd4+ Kc7
27. Rc4+ Kb6 28. Rxb4+ Ka7 29. c3 Rae8 30. Rd1 Rf7 31. Rbd4 Ree7 32. Rd6 Bg7
33. a4 Kb7 34. Kc2 Re2+ 35. R1d2 Rxd2+ 36. Kxd2 Bf8 37. Re6 Rf2+ 38. Re2 Rf6
39. Kd3 Rd6+ 40. Kc4 Rc6+ 41. Kd3 Rd6+ 1/2-1/2

[Event "2FoglarVeterans_SIM_B"]
[Site "?"]
[Date "2006.??.??"]
[Round "?"]
[White "Shaw, Sidney S."]
[Black "Vrbica, Ladislav"]
[Result "1-0"]
[WhiteElo "2319"]
[BlackElo "2346"]
[PlyCount "55"]
[EventDate "2006.??.??"]
[EventType "corr"]
[SourceDate "2006.06.05"]

1. d4 d5 2. Nf3 c6 3. c4 e6 4. e3 Nf6 5. Nc3 Nbd7 6. Qc2 Bd6 7. g4 dxc4 8. Bxc4
e5 9. Bd2 exd4 10. Nxd4 Nb6 11. Be2 O-O 12. Rg1 Nbd5 13. O-O-O Nb4 14. Qb1 Re8
15. g5 Nfd5 16. h4 Nxc3 17. Bxc3 Nd5 18. Qc2 Bh2 19. Rh1 Be5 20. Bd3 h6 21.
gxh6 gxh6 22. Bc4 Kh8 23. Bxd5 cxd5 24. Qe2 Qd6 25. Rhg1 Bd7 26. f4 Bf6 27. Qh5
Qe7 28. Qxh6# 1-0

[Event "2FoglarVeterans_SIM_B"]
[Site "?"]
[Date "2006.??.??"]
[Round "?"]
[White "Vrbica, Ladislav"]
[Black "Peczkowski, Marek"]
[Result "1/2-1/2"]
[WhiteElo "2346"]
[BlackElo "2322"]
[PlyCount "58"]
[EventDate "2006.??.??"]
[EventType "corr"]
[SourceDate "2006.06.05"]

1. d4 Nf6 2. c4 e6 3. Nc3 Bb4 4. Qc2 c5 5. dxc5 O-O 6. a3 Bxc5 7. Nf3 Nc6 8.
Bg5 Be7 9. Rd1 h6 10. Bh4 d5 11. e3 Qa5 12. Bd3 Rd8 13. O-O dxc4 14. Bxc4 Bd7
15. Bg3 Rac8 16. Rd2 Nh5 17. Bd6 Bxd6 18. Rxd6 Ne7 19. Rfd1 Nf6 20. Qe2 Qc7 21.
Bb5 a6 22. Bxd7 Rxd7 23. Rxd7 Nxd7 24. h3 Nb6 25. Rc1 Qd6 26. Rc2 Qc5 27. Qd1
Nc4 28. Qc1 Nd6 29. Qd1 Nc4 1/2-1/2

[Event "2FoglarVeterans_SIM_B"]
[Site "?"]
[Date "2006.??.??"]
[Round "?"]
[White "Stepanov, Konstantin V."]
[Black "Peczkowski, Marek"]
[Result "1/2-1/2"]
[WhiteElo "2382"]
[BlackElo "2322"]
[PlyCount "55"]
[EventDate "2006.??.??"]
[EventType "corr"]
[SourceDate "2006.06.05"]

1. d4 Nf6 2. c4 e6 3. Nc3 Bb4 4. Qc2 c5 5. dxc5 O-O 6. a3 Bxc5 7. Nf3 Nc6 8.
Bg5 Be7 9. e3 h6 10. Bh4 d5 11. Be2 dxc4 12. Bxc4 Qa5 13. O-O Rd8 14. Rfd1 Bd7
15. b4 Qb6 16. Na4 Qc7 17. Bg3 Qc8 18. Nc5 Be8 19. Ne4 a6 20. Nd6 Bxd6 21. Bxd6
b5 22. Bb3 a5 23. Rac1 axb4 24. axb4 Nd5 25. Bxd5 Rxd6 26. Be4 Rxd1+ 27. Qxd1
Qa6 28. h3 1/2-1/2

[Event "2FoglarVeterans_SIM_B"]
[Site "?"]
[Date "2006.??.??"]
[Round "?"]
[White "Shaw, Sidney S."]
[Black "Schwarz, Jan"]
[Result "1/2-1/2"]
[WhiteElo "2319"]
[BlackElo "2295"]
[PlyCount "57"]
[EventDate "2006.??.??"]
[EventType "corr"]
[SourceDate "2006.06.05"]

1. d4 c6 2. c4 d5 3. Nc3 e6 4. e3 Nf6 5. Nf3 Nbd7 6. Qc2 b6 7. Bd3 Bb7 8. b3
dxc4 9. bxc4 c5 10. O-O Bd6 11. Ne4 Nxe4 12. Bxe4 Bxe4 13. Qxe4 Rc8 14. Bb2 Nf6
15. Qc2 cxd4 16. Rad1 Qc7 17. Rxd4 O-O 18. Rfd1 Rfd8 19. h3 Be7 20. Rxd8+ Rxd8
21. Rxd8+ Qxd8 22. Ne5 Bc5 23. Bd4 Bd6 24. Qa4 Qc7 25. f4 h6 26. Qb5 Kh7 27. g4
Bxe5 28. Bxe5 Qb7 29. Bxf6 1/2-1/2

[Event "2FoglarVeterans_SIM_B"]
[Site "?"]
[Date "2006.??.??"]
[Round "?"]
[White "Ottesen, Soren Rud"]
[Black "Nosek, Jaroslav"]
[Result "1-0"]
[WhiteElo "2359"]
[BlackElo "2280"]
[PlyCount "93"]
[EventDate "2006.??.??"]
[EventType "corr"]
[SourceDate "2006.06.05"]

1. e4 c5 2. Nf3 Nc6 3. d4 cxd4 4. Nxd4 Nf6 5. Nc3 e5 6. Ndb5 d6 7. Bg5 a6 8.
Na3 b5 9. Nd5 Be7 10. Bxf6 Bxf6 11. c3 Bg5 12. Nc2 O-O 13. a4 bxa4 14. Rxa4 a5
15. Bc4 Rb8 16. Ra2 Kh8 17. Nce3 Bxe3 18. Nxe3 Ne7 19. O-O f5 20. exf5 Nxf5 21.
Nd5 Be6 22. b3 Rc8 23. Qd3 Rc5 24. Rd1 Bg8 25. Qe4 Qg5 26. Nb6 Nh4 27. Bxg8
Kxg8 28. Nd5 Rb8 29. g3 Qh5 30. Rd3 Ng6 31. Ne3 Nh8 32. b4 axb4 33. cxb4 Rc1+
34. Kg2 Nf7 35. h4 Rcc8 36. Nf5 Kh8 37. Nxd6 Nxd6 38. Rxd6 Qf7 39. Rb2 Re8 40.
b5 Re7 41. b6 Qe8 42. Rc2 Qf8 43. Rdc6 Ree8 44. Ra2 Red8 45. Qxe5 Re8 46. Qc3
Qf5 47. Rd2 1-0

[Event "2FoglarVeterans_SIM_B"]
[Site "?"]
[Date "2006.??.??"]
[Round "?"]
[White "Canibal, Jaromir"]
[Black "Leemans, Robert"]
[Result "1/2-1/2"]
[WhiteElo "2221"]
[BlackElo "2330"]
[PlyCount "69"]
[EventDate "2006.??.??"]
[EventType "corr"]
[SourceDate "2006.06.05"]

1. e4 e5 2. Nf3 Nc6 3. Bb5 a6 4. Ba4 Nf6 5. O-O Be7 6. Re1 b5 7. Bb3 O-O 8. c3
d6 9. h3 Rb8 10. d4 exd4 11. cxd4 d5 12. e5 Ne4 13. Nbd2 Bf5 14. Bc2 Nb4 15.
Bxe4 dxe4 16. Nxe4 Qd5 17. Bg5 Bxg5 18. Nfxg5 Rbd8 19. a3 Nc6 20. Ng3 Bg6 21.
Nf3 Nxd4 22. Qxd4 Qxd4 23. Nxd4 Rxd4 24. Rac1 Rc8 25. Rc6 a5 26. Rc5 c6 27.
Rec1 h5 28. Rxb5 cxb5 29. Rxc8+ Kh7 30. Rc5 h4 31. Nh1 Rd1+ 32. Kh2 Bd3 33. Rd5
Kg6 34. f3 Rd2 35. b4 1/2-1/2

[Event "2FoglarVeterans_SIM_B"]
[Site "?"]
[Date "2006.??.??"]
[Round "?"]
[White "Stepanov, Konstantin V."]
[Black "Nowak, Ireneusz"]
[Result "1/2-1/2"]
[WhiteElo "2382"]
[BlackElo "2327"]
[PlyCount "53"]
[EventDate "2006.??.??"]
[EventType "corr"]
[SourceDate "2006.06.05"]

1. d4 d5 2. c4 e6 3. Nf3 Nf6 4. g3 Be7 5. Bg2 O-O 6. O-O Nbd7 7. Qc2 c6 8. b3
b6 9. Rd1 Ba6 10. Nbd2 Rc8 11. e4 c5 12. exd5 exd5 13. Bb2 cxd4 14. Nxd4 b5 15.
Qf5 bxc4 16. bxc4 g6 17. Qg5 dxc4 18. Nc6 Rxc6 19. Bxc6 Qb6 20. Bxd7 Qxb2 21.
Rab1 Qd4 22. Nf3 Qxf2+ 23. Kxf2 Ne4+ 24. Ke3 Nxg5 25. Nd4 Bc5 26. Kf4 h6 27. h4
1/2-1/2

[Event "2FoglarVeterans_SIM_B"]
[Site "?"]
[Date "2006.??.??"]
[Round "?"]
[White "Abegg, Beat"]
[Black "Stepanov, Konstantin V."]
[Result "1/2-1/2"]
[WhiteElo "2334"]
[BlackElo "2382"]
[PlyCount "60"]
[EventDate "2006.??.??"]
[EventType "corr"]
[SourceDate "2006.06.05"]

1. d4 d5 2. c4 c6 3. Nf3 Nf6 4. e3 a6 5. Bd3 Bg4 6. Nbd2 e6 7. O-O Nbd7 8. b3
Bd6 9. Bb2 Bf5 10. Qe2 Bxd3 11. Qxd3 O-O 12. Rfd1 Qe7 13. e4 dxe4 14. Nxe4 Nxe4
15. Qxe4 Nf6 16. Qe2 Rfd8 17. a3 a5 18. Ne5 Nd7 19. Nxd7 Rxd7 20. Rd3 Qg5 21.
Rad1 Rad8 22. Rf1 Qf4 23. g3 Qf5 24. Re3 b6 25. Kg2 h5 26. h3 Qg6 27. Qf3 Rc8
28. Rfe1 Rdd8 29. R1e2 Be7 30. Re5 h4 1/2-1/2

[Event "2FoglarVeterans_SIM_B"]
[Site "?"]
[Date "2006.??.??"]
[Round "?"]
[White "Nowak, Ireneusz"]
[Black "Canibal, Jaromir"]
[Result "0-1"]
[WhiteElo "2280"]
[BlackElo "2221"]
[PlyCount "64"]
[EventDate "2006.??.??"]
[EventType "corr"]
[SourceDate "2006.06.05"]

1. e4 e5 2. Nf3 Nc6 3. Bb5 a6 4. Ba4 Nf6 5. O-O Be7 6. Re1 O-O 7. Bxc6 dxc6 8.
Nxe5 Re8 9. c3 Bd6 10. Nf3 Rxe4 11. d4 Rxe1+ 12. Qxe1 Bg4 13. Ne5 Qf8 14. Nxg4
Nxg4 15. h3 Re8 16. Qf1 Qe7 17. Bd2 Nh2 18. Qd1 Qh4 19. Be3 f5 20. Bd2 Ng4 21.
Qf3 Nxf2 22. Qxf2 Bh2+ 23. Kf1 Qe4 24. Qe3 Qxe3 25. Bxe3 Rxe3 26. Kf2 f4 27.
Nd2 Bg3+ 28. Kf1 Re6 29. Nc4 Kf7 30. Ne5+ Ke7 31. b4 Bh4 32. a4 Kd6 0-1

[Event "2FoglarVeterans_SIM_B"]
[Site "?"]
[Date "2006.??.??"]
[Round "?"]
[White "Schwarz, Jan"]
[Black "Vrbica, Ladislav"]
[Result "0-1"]
[WhiteElo "2295"]
[BlackElo "2346"]
[PlyCount "113"]
[EventDate "2006.??.??"]
[EventType "corr"]
[SourceDate "2006.06.05"]

1. e4 c5 2. Nf3 Nc6 3. Nc3 d6 4. d4 cxd4 5. Nxd4 Nf6 6. Bg5 e6 7. Qd2 Be7 8.
O-O-O O-O 9. f4 Nxd4 10. Qxd4 Qa5 11. Bc4 h6 12. Bh4 e5 13. fxe5 dxe5 14. Qd3
Bg4 15. Rdf1 Rac8 16. h3 Bh5 17. Bxf6 Bxf6 18. Rxf6 gxf6 19. Nd5 Qd8 20. Rf1
Rc6 21. Qg3+ Kh7 22. Bb3 Bg6 23. Qf3 Kg7 24. h4 h5 25. Kb1 b5 26. g4 hxg4 27.
Qxg4 Rh8 28. Ne3 Kf8 29. Bd5 Rd6 30. Qg3 Qb6 31. Ka1 a5 32. a3 Rh5 33. Rg1 Qc5
34. Re1 Qc8 35. Rg1 Qd7 36. Qf2 b4 37. Nc4 Ra6 38. Qg3 Qb5 39. Ka2 f5 40. Nxe5
fxe4 41. Bc4 Qxe5 42. Qxe5 Rxe5 43. Bxa6 e3 44. axb4 axb4 45. Kb3 e2 46. Re1
Bh5 47. Bxe2 Bxe2 48. Kxb4 f5 49. Kc3 f4 50. Kd4 Re7 51. Rh1 f3 52. Rh2 Kg7 53.
c3 Kh6 54. h5 Bf1 55. Rf2 Bg2 56. Kd3 Kxh5 57. Rxf3 0-1

[Event "2FoglarVeterans_SIM_B"]
[Site "?"]
[Date "2006.??.??"]
[Round "?"]
[White "Shaw, Sidney S."]
[Black "Abegg, Beat"]
[Result "1/2-1/2"]
[WhiteElo "2319"]
[BlackElo "2334"]
[PlyCount "56"]
[EventDate "2006.??.??"]
[EventType "corr"]
[SourceDate "2006.06.05"]

1. d4 d5 2. Nf3 Nf6 3. c4 c6 4. Nc3 a6 5. c5 Nbd7 6. Bf4 Nh5 7. Bg5 h6 8. Bd2
Qc7 9. e4 dxe4 10. Nxe4 Ndf6 11. Nxf6+ Nxf6 12. Bc4 Bf5 13. Qa4 e6 14. Ba5 Qc8
15. O-O Be7 16. Ne5 O-O 17. Rad1 Bd8 18. Rfe1 Bc7 19. Bd3 Bxd3 20. Rxd3 Rd8 21.
Nc4 Rd5 22. Qb4 Qd7 23. Bxc7 Qxc7 24. Qd2 Rad8 25. f4 Qe7 26. a4 Qc7 27. b4 Rf5
28. Re5 Nd5 1/2-1/2

[Event "2FoglarVeterans_SIM_B"]
[Site "?"]
[Date "2006.??.??"]
[Round "?"]
[White "Leemans, Robert"]
[Black "Stepanov, Konstantin V."]
[Result "1-0"]
[WhiteElo "2330"]
[BlackElo "2382"]
[PlyCount "99"]
[EventDate "2006.??.??"]
[EventType "corr"]
[SourceDate "2006.06.05"]

1. e4 c5 2. Nf3 d6 3. d4 cxd4 4. Nxd4 Nf6 5. Nc3 a6 6. Bg5 e6 7. f4 Nbd7 8. Qf3
Qc7 9. O-O-O b5 10. Bd3 Bb7 11. Rhe1 Qb6 12. Qe3 O-O-O 13. f5 e5 14. Nb3 Qxe3+
15. Rxe3 Be7 16. Rg3 Kc7 17. a4 bxa4 18. Nxa4 g6 19. Na5 Ba8 20. Bxa6 Rb8 21.
Nc3 h6 22. Bxf6 Nxf6 23. Nc4 Nxe4 24. Nxe4 Bxe4 25. Rc3 gxf5 26. Nxd6+ Kb6 27.
Bc8 Bxg2 28. Nc4+ Kb5 29. Bxf5 Rhd8 30. Bd7+ Ka6 31. Nxe5 Rb7 32. Rd4 Kb6 33.
h4 f6 34. Rb3+ Kc7 35. Rc4+ Kb8 36. Rxb7+ Bxb7 37. Nc6+ Bxc6 38. Bxc6 f5 39.
Bf3 Bd6 40. Kb1 Re8 41. Rc6 Bf4 42. b4 Re5 43. Ka2 Re3 44. Bd5 Be5 45. Rxh6 Rc3
46. Rc6 Rh3 47. Re6 Bd4 48. b5 Rxh4 49. b6 Rh8 50. Kb3 1-0

[Event "2FoglarVeterans_SIM_B"]
[Site "?"]
[Date "2006.??.??"]
[Round "?"]
[White "Nosek, Jaroslav"]
[Black "Stepanov, Konstantin V."]
[Result "0-1"]
[WhiteElo "2280"]
[BlackElo "2382"]
[PlyCount "80"]
[EventDate "2006.??.??"]
[EventType "corr"]
[SourceDate "2006.06.05"]

1. e4 c5 2. Nf3 d6 3. d4 cxd4 4. Nxd4 Nf6 5. Nc3 a6 6. f3 e5 7. Nb3 Be6 8. Be3
Nbd7 9. Qd2 b5 10. O-O-O Nb6 11. Qf2 Nc4 12. Bxc4 bxc4 13. Nc5 Be7 14. h4 Qc8
15. N5a4 Rb8 16. g4 Qc6 17. Nb6 Bd8 18. Ncd5 Bxb6 19. Nxb6 d5 20. Nxd5 Nxd5 21.
exd5 Bxd5 22. Rhf1 c3 23. b3 O-O 24. f4 Bg2 25. Rg1 Bf3 26. Rde1 e4 27. Bd4
Rfd8 28. Qe3 Rbc8 29. g5 a5 30. a4 Qb7 31. Kb1 Qb4 32. Be5 Rd2 33. Rg3 Bd1 34.
Qxd2 cxd2 35. Rxd1 Kf8 36. Kb2 Rd8 37. Rc3 Qe7 38. Bc7 Qd7 39. Bxd8 Qxd8 40.
Kb1 Qd4 0-1

[Event "2FoglarVeterans_SIM_B"]
[Site "?"]
[Date "2006.??.??"]
[Round "?"]
[White "Ottesen, Soren Rud"]
[Black "Shaw, Sidney S."]
[Result "1-0"]
[WhiteElo "2359"]
[BlackElo "2319"]
[PlyCount "105"]
[EventDate "2006.??.??"]
[EventType "corr"]
[SourceDate "2006.06.05"]

1. e4 e5 2. Nf3 Nc6 3. Bb5 a6 4. Ba4 Nf6 5. O-O Be7 6. Re1 b5 7. Bb3 d6 8. c3
O-O 9. h3 Na5 10. Bc2 c5 11. d4 Nd7 12. dxc5 dxc5 13. Nbd2 Re8 14. b3 Bb7 15.
Nf1 Qc7 16. Ne3 Rad8 17. Qe2 Nf6 18. Nf5 Nc6 19. Nxe7+ Qxe7 20. Be3 Nh5 21. g3
Nf6 22. Rad1 Nb8 23. Rxd8 Qxd8 24. Bxc5 Qc8 25. Qe3 Qxh3 26. Bd6 Qe6 27. Qb6
Ba8 28. Nh4 Nc6 29. Rd1 Qh3 30. Qe3 a5 31. Nf5 Ng4 32. Qf3 b4 33. cxb4 Qh2+ 34.
Kf1 Qh5 35. Ke2 Nd4+ 36. Nxd4 exd4 37. Rxd4 f5 38. Bd3 Kh8 39. a4 Qf7 40. Bc2
Qe6 41. bxa5 Bxe4 42. Bxe4 fxe4 43. Qc3 Qf5 44. Bf4 Qh5 45. Ke1 Nh2 46. Rd6
Nf3+ 47. Kd1 Nd4+ 48. Kd2 Ne2 49. Qc7 Nxf4 50. gxf4 Qh4 51. Qc5 Qxf4+ 52. Kc2
Qf7 53. a6 1-0

[Event "2FoglarVeterans_SIM_B"]
[Site "?"]
[Date "2006.??.??"]
[Round "?"]
[White "Leemans, Robert"]
[Black "Shaw, Sidney S."]
[Result "1/2-1/2"]
[WhiteElo "2330"]
[BlackElo "2319"]
[PlyCount "67"]
[EventDate "2006.??.??"]
[EventType "corr"]
[SourceDate "2006.06.05"]

1. d4 d5 2. Bg5 h6 3. Bh4 c6 4. a3 Bf5 5. e3 Qb6 6. Ra2 e6 7. c4 Be7 8. Nf3
Bxh4 9. Nxh4 Be4 10. Nc3 Nf6 11. Be2 Nbd7 12. O-O O-O 13. Qa4 Rfe8 14. Rc1 Rac8
15. b4 e5 16. Nxe4 Nxe4 17. c5 Qd8 18. Nf3 exd4 19. Nxd4 Qg5 20. Bd3 Ra8 21.
Qd1 Rad8 22. Re2 g6 23. f3 Nef6 24. f4 Qh4 25. g3 Qh3 26. b5 cxb5 27. Bxb5 a6
28. Bd3 Rb8 29. c6 bxc6 30. Nxc6 Rb6 31. a4 Nb8 32. Nd4 Qd7 33. a5 Rb7 34. Kg2
1/2-1/2

[Event "2FoglarVeterans_SIM_B"]
[Site "?"]
[Date "2006.??.??"]
[Round "?"]
[White "Nosek, Jaroslav"]
[Black "Schwarz, Jan"]
[Result "1/2-1/2"]
[WhiteElo "2280"]
[BlackElo "2295"]
[PlyCount "94"]
[EventDate "2006.??.??"]
[EventType "corr"]
[SourceDate "2006.06.05"]

1. e4 e5 2. Nf3 Nf6 3. Nxe5 d6 4. Nf3 Nxe4 5. d4 d5 6. Bd3 Bd6 7. O-O O-O 8. c4
c6 9. Qc2 Na6 10. a3 Bg4 11. Ne5 Bf5 12. b4 f6 13. Nf3 Qe8 14. Re1 Qg6 15. Nh4
Qh5 16. Nxf5 Bxh2+ 17. Kf1 Qxf5 18. Re3 Qd7 19. Rh3 Bd6 20. cxd5 cxd5 21. Qb3
Qf7 22. Nc3 f5 23. Nxd5 Kh8 24. Bc4 Rae8 25. Nf4 Qf6 26. Qd1 h6 27. Nh5 Qg6 28.
Nxg7 Kxg7 29. Bxh6+ Qxh6 30. Rxh6 Kxh6 31. Bd5 Rh8 32. g3 Kg6 33. Kg2 Rh7 34.
Qd3 Nf6 35. Bf3 Ne4 36. Qb5 Nc7 37. Qxb7 Ng5 38. Qxa7 Reh8 39. Qb6 Rh2+ 40. Kf1
Ne8 41. Ke2 Nf6 42. Qxd6 Re8+ 43. Kd3 Nxf3 44. Ra2 Rhh8 45. Qa6 Rd8 46. a4 Rhe8
47. Qb6 Rb8 1/2-1/2

[Event "2FoglarVeterans_SIM_B"]
[Site "?"]
[Date "2006.??.??"]
[Round "?"]
[White "Nosek, Jaroslav"]
[Black "Shaw, Sidney S."]
[Result "1/2-1/2"]
[WhiteElo "2280"]
[BlackElo "2319"]
[PlyCount "61"]
[EventDate "2006.??.??"]
[EventType "corr"]
[SourceDate "2006.06.05"]

1. e4 e5 2. Nf3 Nc6 3. Bb5 a6 4. Ba4 Nf6 5. O-O Be7 6. Re1 b5 7. Bb3 d6 8. c3
O-O 9. h3 Na5 10. Bc2 c5 11. d4 Nd7 12. Nbd2 cxd4 13. cxd4 Nc6 14. Nb3 a5 15.
Bd3 Ba6 16. d5 Nb4 17. Bf1 a4 18. a3 Nxd5 19. Qxd5 axb3 20. Bxb5 Bxb5 21. Qxb5
Rb8 22. Qd3 Nc5 23. Qd5 Qc8 24. Be3 Na4 25. Rab1 Qe6 26. Qc6 Nc5 27. Bxc5 Rfc8
28. Qa6 Rxc5 29. Rec1 Rc2 30. Ne1 Rcc8 31. Rxc8+ 1/2-1/2

[Event "2FoglarVeterans_SIM_B"]
[Site "?"]
[Date "2006.??.??"]
[Round "?"]
[White "Nowak, Ireneusz"]
[Black "Shaw, Sidney S."]
[Result "1/2-1/2"]
[WhiteElo "2280"]
[BlackElo "2319"]
[PlyCount "71"]
[EventDate "2006.??.??"]
[EventType "corr"]
[SourceDate "2006.06.05"]

1. e4 e5 2. Nf3 Nc6 3. Bb5 a6 4. Ba4 Nf6 5. O-O Be7 6. Re1 b5 7. Bb3 d6 8. c3
O-O 9. h3 Na5 10. Bc2 c5 11. d4 Nd7 12. Nbd2 cxd4 13. cxd4 Nc6 14. Nb3 a5 15.
Be3 a4 16. Nbd2 exd4 17. Nxd4 Nxd4 18. Bxd4 Ne5 19. Nf1 Be6 20. Ne3 Nc6 21. Bc3
Bf6 22. Nd5 Bxc3 23. bxc3 Ne5 24. Rb1 Rb8 25. Rb4 Qd7 26. Re3 Kh8 27. Rd4 f6
28. Nb4 Qf7 29. Bb1 Nc4 30. Rg3 Rbe8 31. Bd3 Nb2 32. Qd2 Nxd3 33. Rgxd3 Bc4 34.
Re3 f5 35. Rf3 f4 36. h4 1/2-1/2

[Event "2FoglarVeterans_SIM_B"]
[Site "?"]
[Date "2006.??.??"]
[Round "?"]
[White "Nowak, Ireneusz"]
[Black "Schwarz, Jan"]
[Result "0-1"]
[WhiteElo "2327"]
[BlackElo "2295"]
[PlyCount "128"]
[EventDate "2006.??.??"]
[EventType "corr"]
[SourceDate "2006.06.05"]

1. e4 e5 2. Nf3 Nf6 3. Nxe5 d6 4. Nf3 Nxe4 5. d4 d5 6. Bd3 Bd6 7. O-O O-O 8. c4
c6 9. Qc2 Na6 10. a3 Bg4 11. Ne5 Bf5 12. Be3 Nac5 13. dxc5 Bxe5 14. Nc3 Re8 15.
Rfe1 Qh4 16. g3 Qh5 17. cxd5 Bxc3 18. bxc3 cxd5 19. Bd4 Bg4 20. f4 Bd7 21. a4
Rac8 22. a5 Nxc5 23. Rxe8+ Bxe8 24. Bf5 Bd7 25. Bxd7 Nxd7 26. Bxa7 Re8 27. Qd3
Re2 28. Bf2 Nf6 29. Rb1 Rxf2 30. Kxf2 Qxh2+ 31. Kf3 g5 32. Rxb7 g4+ 33. Ke3
Qxg3+ 34. Ke2 Qg2+ 35. Kd1 g3 36. Qe3 Qh1+ 37. Kc2 Qh2+ 38. Kd3 g2 39. Rb1 Nh5
40. a6 Nxf4+ 41. Kd4 Ne6+ 42. Kxd5 Qc7 43. a7 Qa5+ 44. Ke4 f5+ 45. Kd3 Kf7 46.
Rb7+ Kf6 47. Rb6 Qd5+ 48. Ke2 Qc4+ 49. Kd2 Qa2+ 50. Ke1 Kf7 51. a8=Q g1=Q+ 52.
Qxg1 Qxa8 53. Qe3 Qh1+ 54. Kd2 Qd5+ 55. Qd3 Qg2+ 56. Qe2 Qd5+ 57. Kc1 Kf6 58.
Qh2 Qc4 59. Kb2 f4 60. Qh6+ Ke5 61. Qh5+ Kf6 62. Qxh7 Qe2+ 63. Ka3 Qe3 64. Qh5
Qxb6 0-1

[Event "2FoglarVeterans_SIM_B"]
[Site "?"]
[Date "2006.??.??"]
[Round "?"]
[White "Canibal, Jaromir"]
[Black "Ottesen, Soren Rud"]
[Result "0-1"]
[WhiteElo "2221"]
[BlackElo "2359"]
[PlyCount "88"]
[EventDate "2006.??.??"]
[EventType "corr"]
[SourceDate "2006.06.05"]

1. e4 c5 2. c3 d5 3. exd5 Qxd5 4. d4 Nf6 5. Nf3 Nc6 6. Be2 Bf5 7. dxc5 Qxc5 8.
Be3 Qd5 9. Na3 e5 10. Nb5 O-O-O 11. Qxd5 Nxd5 12. Nxa7+ Nxa7 13. Bxa7 Nf4 14.
g3 Nxe2 15. Kxe2 Kc7 16. a4 Bd3+ 17. Ke3 b6 18. b4 Kb7 19. Nxe5 Bc2 20. Rhc1
Bb3 21. Ra3 Re8 22. Rxb3 Rxe5+ 23. Kd4 Re2 24. Bxb6 Kxb6 25. c4 Be7 26. c5+ Kc7
27. Rf3 Bf6+ 28. Kc4 Rd8 29. Rf4 Rd7 30. h4 Be5 31. Rf3 Rb2 32. Kb5 f6 33. a5
Rd8 34. Rc4 Rb8+ 35. Ka4 Kc6 36. h5 Ra2+ 37. Kb3 Kb5 38. Re4 Rd2 39. Rfe3 Rbd8
40. c6 Rb2+ 41. Ka3 Rxf2 42. c7 Rc8 43. Rxe5+ fxe5 44. Rxe5+ Kc6 0-1

[Event "2FoglarVeterans_SIM_B"]
[Site "?"]
[Date "2006.??.??"]
[Round "?"]
[White "Prchly, Milos"]
[Black "Canibal, Jaromir"]
[Result "1/2-1/2"]
[WhiteElo "2303"]
[BlackElo "2221"]
[PlyCount "54"]
[EventDate "2006.??.??"]
[EventType "corr"]
[SourceDate "2006.06.05"]

1. d4 Nf6 2. c4 g6 3. Nc3 Bg7 4. e4 d6 5. Be2 O-O 6. Nf3 e5 7. O-O c6 8. Re1
exd4 9. Nxd4 Re8 10. Bf1 Ng4 11. h3 Qb6 12. hxg4 Qxd4 13. g5 Qxd1 14. Rxd1 Be5
15. f4 Bxc3 16. bxc3 Rxe4 17. Rxd6 Re8 18. Be3 Bf5 19. Kf2 Nd7 20. a4 Re7 21.
c5 Rxe3 22. Kxe3 Nxc5 23. a5 Re8+ 24. Kf3 Be4+ 25. Kf2 Bd5 26. Kg1 Re4 27. a6
Nxa6 1/2-1/2

[Event "2FoglarVeterans_SIM_B"]
[Site "?"]
[Date "2006.??.??"]
[Round "?"]
[White "Stepanov, Konstantin V."]
[Black "Shaw, Sidney S."]
[Result "1-0"]
[WhiteElo "2382"]
[BlackElo "2319"]
[PlyCount "77"]
[EventDate "2006.??.??"]
[EventType "corr"]
[SourceDate "2006.06.05"]

1. d4 d5 2. c4 c6 3. Nc3 Nf6 4. e3 e6 5. Nf3 Nbd7 6. Qc2 Bd6 7. g4 dxc4 8. Bxc4
e5 9. g5 Nd5 10. Bd2 exd4 11. Qe4+ Qe7 12. Qxd4 Ne5 13. Nxe5 Bxe5 14. Nxd5 cxd5
15. Bb5+ Kf8 16. Qxd5 Bxb2 17. Rb1 Be6 18. Qe4 Ba3 19. Bc4 Bxc4 20. Qxc4 b6 21.
Rg1 Kg8 22. Bc3 Qf8 23. Rg4 Rc8 24. Qd3 Qe7 25. Rc4 Re8 26. Rd1 Bc5 27. Rf4 h5
28. g6 fxg6 29. Qc4+ Kh7 30. Rf7 Qe4 31. Qxe4 Rxe4 32. Bxg7 Rc8 33. Rdd7 Kg8
34. Bb2 Bb4+ 35. Kf1 a5 36. Rg7+ Kf8 37. Rh7 Ke8 38. Rb7 Bf8 39. Rh8 1-0